000 01070nam a2200265Ia 4500
003 OSt
005 20221005104048.0
006 a|||||r|||| 00| 0
007 ta
008 221004b |||||||| |||| 00| 0 hin d
020 _a8188125431 (hbk)
_c150
024 _a106077
037 _b12955, 18/03/2011, Kitab Ghar
_cTextual
040 _aCRL
_cCRL
_bhin
041 _2hin
_ahin
082 _aO152,3M83x, M7,Q0
100 _aगुलेरी, श्रीचंद्रधर शर्मा
245 0 _aउसने कहा था और अन्य कहानियॉं
246 _aUsane kahā thā aur anya kahāniyaॉan
260 _aदिल्ली
_bजगतराम एंड संस भारत
_c2010
300 _a120पृ0
_ccm.
700 _a मनोहर लाल, संपा.
942 _hO152,3M83x, M7,Q0
_cTEXL
_2cc
999 _c1011628
_d1011628